00765nam a22002177i 4500003000900000005001700009007000300026008004100029020001800070040003000088041000800118082001900126110006100145245013000206264003300336300002700369336002700396337003300423338002800456710006300484DO-SdBNP20260323133726.0ta100407s2019 dr 000 0 spa d a9789945917857 aDO-SdBNPbspacBNPHUerda aspa axxxbR426p2221 aRepública Dominicana.bOficina Nacional de Estadistica00aPolítica de transversalizaciòn del enfoque de género en las estadísticas oficiales : bpolítica y plan de acción  aSanto Domingo :bONE,c2019. a47 páginas :c28 cm. ardacontentbtexto2txt ardamediabsin mediación2n ardacarrierbvolumen2nc1 aRepública Dominicana.bOficina Nacional de Estadística